Diccionario humorístico
| Autor principal: | |
|---|---|
| Format: | Llibre |
| Idioma: | Spanish |
| Edició: | 3a ed. |
| Matèries: |
MARC
| LEADER | 00000nam a22000007a 4500 | ||
|---|---|---|---|
| 003 | Ucuenca | ||
| 005 | 20230308230245.0 | ||
| 008 | 181108b1959 sp ||||| |||| 00| 0 spa d | ||
| 040 | |b spa | ||
| 041 | 0 | |a es | |
| 082 | 0 | |a 443 | |
| 100 | 1 | |9 18072 |a Clarasó, Noel | |
| 245 | |a Diccionario humorístico |c Noel Claraso |h imp | ||
| 250 | |a 3a ed. | ||
| 264 | |a Barcelona |b Sintes |c 1959 | ||
| 300 | |a 323 páginas: |c 18.5 cm | ||
| 650 | 0 | |9 230551 |a Humoristica | |
| 650 | 0 | |a Diccionario |9 8614 | |
| 942 | |2 ddc |c BK |z bladimir.cabrerar@ucuenca.edu.ec | ||
| 999 | |c 155883 |d 155883 | ||